|
|
|
|
| LEADER |
00656nab a2200181 i 4500 |
| 001 |
acta11043 |
| 005 |
20210608132037.0 |
| 008 |
161015s1978 hu o 0|| ger d |
| 022 |
|
|
|a 0324-7260
|
| 040 |
|
|
|a SZTE Egyetemi Kiadványok Repozitórium
|b hun
|
| 041 |
|
|
|a ger
|
| 100 |
1 |
|
|a Nagy József
|
| 245 |
1 |
0 |
|a Quantitive padagogische Wertung
|h [elektronikus dokumentum] /
|c Nagy József
|
| 260 |
|
|
|c 1978
|
| 300 |
|
|
|a 499-520
|
| 490 |
0 |
|
|a Acta Universitatis Szegediensis de Attila József nominatae : sectio paedagogica et psychologica
|v 20
|
| 695 |
|
|
|a Neveléstudomány
|
| 856 |
4 |
0 |
|u http://acta.bibl.u-szeged.hu/11043/1/paed_psych_020_499-520.pdf
|z Dokumentum-elérés
|